MARC details
| 000 -LEADER |
| fixed length control field |
06268cgm a2201201Ia 4500 |
| 001 - CONTROL NUMBER |
| control field |
ocm65171540 |
| 003 - CONTROL NUMBER IDENTIFIER |
| control field |
OCoLC |
| 005 - DATE AND TIME OF LATEST TRANSACTION |
| control field |
20220217190431.0 |
| 007 - PHYSICAL DESCRIPTION FIXED FIELD--GENERAL INFORMATION |
| fixed length control field |
vd cvaizq |
| 008 - FIXED-LENGTH DATA ELEMENTS--GENERAL INFORMATION |
| fixed length control field |
060320p20062005cau121 e vleng d |
| 020 ## - INTERNATIONAL STANDARD BOOK NUMBER |
| International Standard Book Number |
1424814774 |
| 020 ## - INTERNATIONAL STANDARD BOOK NUMBER |
| International Standard Book Number |
9781424814770 |
| 024 10 - OTHER STANDARD IDENTIFIER |
| Standard number or code |
043396148253 |
| 028 42 - PUBLISHER NUMBER |
| Publisher number |
14825 |
| Source |
Sony Pictures Home Entertainment |
| 029 1# - (OCLC) |
| OCLC library identifier |
AU@ |
| System control number |
000040415448 |
| 029 1# - (OCLC) |
| OCLC library identifier |
AU@ |
| System control number |
000046423167 |
| 029 1# - (OCLC) |
| OCLC library identifier |
AU@ |
| System control number |
000054913675 |
| 029 1# - (OCLC) |
| OCLC library identifier |
NZ1 |
| System control number |
11116873 |
| 035 ## - SYSTEM CONTROL NUMBER |
| System control number |
(OCoLC)65171540 |
| Canceled/invalid control number |
(OCoLC)590037666 |
| -- |
(OCoLC)731466131 |
| -- |
(OCoLC)760104837 |
| -- |
(OCoLC)849764537 |
| -- |
(OCoLC)970674831 |
| -- |
(OCoLC)970751579 |
| -- |
(OCoLC)970763959 |
| -- |
(OCoLC)970973117 |
| -- |
(OCoLC)972700311 |
| -- |
(OCoLC)988007243 |
| -- |
(OCoLC)1029406837 |
| -- |
(OCoLC)1031573455 |
| 037 ## - SOURCE OF ACQUISITION |
| Source of stock number/acquisition |
Midwest Tape |
| Note |
http://www.midwesttapes.com |
| 040 ## - CATALOGING SOURCE |
| Original cataloging agency |
TEFMT |
| Language of cataloging |
eng |
| Transcribing agency |
TEFMT |
| Modifying agency |
TEF |
| -- |
RCS |
| -- |
MR0 |
| -- |
OCLCQ |
| -- |
VP@ |
| -- |
BTCTA |
| -- |
OCLCQ |
| -- |
YDXCP |
| -- |
OCLCQ |
| -- |
OCLCA |
| -- |
MOF |
| -- |
OCLCQ |
| -- |
OCLCA |
| -- |
OKN |
| -- |
JSE |
| -- |
OCLCQ |
| -- |
BDX |
| -- |
MCBBL |
| -- |
ZCU |
| -- |
MOF |
| -- |
OCLCO |
| -- |
CUF |
| -- |
WCM |
| -- |
OCLCF |
| -- |
P4I |
| -- |
OCLCO |
| -- |
OCL |
| -- |
OCLCO |
| -- |
OCL |
| -- |
OCLCO |
| -- |
TJC |
| -- |
OCLCO |
| -- |
OCLCQ |
| -- |
OCLCO |
| -- |
IAD |
| -- |
TXCLY |
| -- |
OCL |
| -- |
P@N |
| -- |
ALSOM |
| -- |
OCLCO |
| -- |
OCL |
| -- |
OCLCQ |
| -- |
NJR |
| -- |
OCLCA |
| -- |
OCLCO |
| -- |
FO7 |
| -- |
CUY |
| -- |
UINTA |
| Description conventions |
rda |
| 041 1# - LANGUAGE CODE |
| Language code of text/sound track or separate title |
eng |
| Language code of original and/or intermediate translations of text |
eng |
| 043 ## - GEOGRAPHIC AREA CODE |
| Geographic area code |
n-us-tx |
| -- |
n-mx--- |
| 046 ## - SPECIAL CODED DATES |
| Beginning or single date created |
2005 |
| 049 ## - LOCAL HOLDINGS (OCLC) |
| Holding library |
UCLB |
| 050 14 - LIBRARY OF CONGRESS CALL NUMBER |
| Classification number |
PN1995.9.W4 |
| Item number |
T4744 2006 |
| 082 04 - DEWEY DECIMAL CLASSIFICATION NUMBER |
| Classification number |
791.43/72 |
| Edition number |
22 |
| 092 ## - LOCALLY ASSIGNED DEWEY CALL NUMBER (OCLC) |
| Classification number |
DVD |
| 245 04 - TITLE STATEMENT |
| Title |
The three burials of Melquiades Estrada / |
| Statement of responsibility, etc |
Europa Corp. ; The Javelina Film Company ; produced by Michael Fitzgerald, Tommy Lee Jones ; written by Guillermo Arriaga ; directed by Tommy Lee Jones. |
| 257 ## - COUNTRY OF PRODUCING ENTITY FOR ARCHIVAL FILMS |
| Country of producing entity |
United States |
| 260 ## - PUBLICATION, DISTRIBUTION, ETC. (IMPRINT) |
| Place of publication, distribution, etc |
Culver City, Calif. : |
| Name of publisher, distributor, etc |
Sony Pictures Home Entertainment, |
| Date of publication, distribution, etc |
�2006. |
| 264 #1 - Production, Publication, Distribution, Manufacture, and Copyright Notice. |
| Place of production, publication, distribution, manufacture |
Culver City, Calif. : |
| Name of producer, publisher, distributor, manufacturer |
Sony Pictures Home Entertainment, |
| Date of production, publication, distribution, manufacture, or copyr |
2006. |
| 300 ## - PHYSICAL DESCRIPTION |
| Extent |
1 videodisc (approximately 121 min.) : |
| Other physical details |
sound, color ; |
| Dimensions |
4 3/4 in. |
| 336 ## - Content Type |
| Content type term |
two-dimensional moving image |
| 337 ## - Media type |
| Media type term |
video |
| 338 ## - Carrier type |
| Carrier type term |
videodisc |
| 490 1# - SERIES STATEMENT |
| Series statement |
Sony Pictures classics |
| 500 ## - GENERAL NOTE |
| General note |
Originally released as a motion picture in 2005. |
| 500 ## - GENERAL NOTE |
| General note |
Special features: commentary with actor/director Tommy Lee Jones and actors Dwight Yoakam and January Jones ; previews. |
| 508 ## - CREATION/PRODUCTION CREDITS NOTE |
| Creation/production credits note |
Director of photography, Chris Menges ; editor, Roberto Silvi ; music, Marco Beltrami ; costume designer, Kathleen Kiatta ; production designer, Merideth Boswell ; visual effects supervisor, Jam Abelanet ; art direction, Jeff Knipp ; set decoration, Phil Shirey. |
| 511 1# - PARTICIPANT OR PERFORMER NOTE |
| Participant or performer note |
Tommy Lee Jones, Barry Pepper, Julio Cedillo, Dwight Yoakam, January Jones, Melissa Leo, Levon Helm, Mel Rodriguez, Cecilia Su�arez. |
| 520 ## - SUMMARY, ETC. |
| Summary, etc |
Needing to keep his honor-bound commitment, Texas ranch foreman Pete returns the body of illegal Mexican immigrant ranch-hand Melquiades Estrada to his preferred resting place in the Mexican wilderness. Estrada had been accidentally shot by Mike, a newly-arrived U.S. border patrolman. Pete forces Mike to participate in his cross-country ritual of duty -- a voyage filled with revenge and redemption that will change both men forever -- and bring some semblance of meaning to the senseless death of Pete's good friend. |
| 521 8# - TARGET AUDIENCE NOTE |
| Target audience note |
Rating: R; for language, violence and sexuality. |
| 538 ## - SYSTEM DETAILS NOTE |
| System details note |
DVD, region 1; Dolby Digital 5.1 surround; full screen (1.33:1) and anamorphic widescreen (2.35:1) presentations. |
| 546 ## - LANGUAGE NOTE |
| Language note |
Dialogue in English with optional English, French, or Spanish subtitles; closed-captioned for the hearing impaired. |
| 586 8# - AWARDS NOTE |
| Awards note |
Cannes Film Festival, 2005: Best Actor (Tommy Lee Jones) ; Best Screenplay (Guillermo Arriaga). |
| 650 #0 - SUBJECT ADDED ENTRY--TOPICAL TERM |
| Topical term or geographic name as entry element |
Ranchers |
| Geographic subdivision |
Texas |
| Form subdivision |
Drama. |
| 9 (RLIN) |
6411485 |
| 650 #0 - SUBJECT ADDED ENTRY--TOPICAL TERM |
| Topical term or geographic name as entry element |
Illegal immigrants |
| Geographic subdivision |
Texas |
| Form subdivision |
Drama. |
| 9 (RLIN) |
6441134 |
| 650 #0 - SUBJECT ADDED ENTRY--TOPICAL TERM |
| Topical term or geographic name as entry element |
Burial |
| Geographic subdivision |
Texas |
| Form subdivision |
Drama. |
| 9 (RLIN) |
6441135 |
| 650 #0 - SUBJECT ADDED ENTRY--TOPICAL TERM |
| Topical term or geographic name as entry element |
Burial |
| Geographic subdivision |
Mexico |
| Form subdivision |
Drama. |
| 9 (RLIN) |
6441136 |
| 650 #0 - SUBJECT ADDED ENTRY--TOPICAL TERM |
| Topical term or geographic name as entry element |
Friendship |
| Geographic subdivision |
Texas |
| Form subdivision |
Drama. |
| 9 (RLIN) |
6441137 |
| 650 #0 - SUBJECT ADDED ENTRY--TOPICAL TERM |
| Topical term or geographic name as entry element |
Promises |
| Form subdivision |
Drama. |
| 9 (RLIN) |
6430048 |
| 650 #7 - SUBJECT ADDED ENTRY--TOPICAL TERM |
| Topical term or geographic name as entry element |
Inmigrantes ilegales |
| Geographic subdivision |
Texas |
| Form subdivision |
Teatro. |
| Source of heading or term |
bidex |
| 9 (RLIN) |
6441171 |
| 650 #7 - SUBJECT ADDED ENTRY--TOPICAL TERM |
| Topical term or geographic name as entry element |
Enterramientos |
| Geographic subdivision |
Texas |
| Form subdivision |
Teatro. |
| Source of heading or term |
bidex |
| 9 (RLIN) |
6441139 |
| 650 #7 - SUBJECT ADDED ENTRY--TOPICAL TERM |
| Topical term or geographic name as entry element |
Inmigrantes ilegales |
| Geographic subdivision |
Texas |
| General subdivision |
Teatro. |
| Source of heading or term |
bidex |
| 9 (RLIN) |
6441140 |
| 650 #7 - SUBJECT ADDED ENTRY--TOPICAL TERM |
| Topical term or geographic name as entry element |
Enterramientos |
| Geographic subdivision |
Texas |
| General subdivision |
Teatro. |
| Source of heading or term |
bidex |
| 9 (RLIN) |
6441141 |
| 650 #7 - SUBJECT ADDED ENTRY--TOPICAL TERM |
| Topical term or geographic name as entry element |
Burial. |
| Source of heading or term |
fast |
| 650 #7 - SUBJECT ADDED ENTRY--TOPICAL TERM |
| Topical term or geographic name as entry element |
Friendship. |
| Source of heading or term |
fast |
| 650 #7 - SUBJECT ADDED ENTRY--TOPICAL TERM |
| Topical term or geographic name as entry element |
Illegal immigrants. |
| Source of heading or term |
fast |
| 9 (RLIN) |
6340833 |
| 650 #7 - SUBJECT ADDED ENTRY--TOPICAL TERM |
| Topical term or geographic name as entry element |
Promises. |
| Source of heading or term |
fast |
| 650 #7 - SUBJECT ADDED ENTRY--TOPICAL TERM |
| Topical term or geographic name as entry element |
Ranchers. |
| Source of heading or term |
fast |
| 650 #7 - SUBJECT ADDED ENTRY--TOPICAL TERM |
| Topical term or geographic name as entry element |
Ranchers |
| Geographic subdivision |
Texas |
| Form subdivision |
Drama. |
| Source of heading or term |
sears |
| 9 (RLIN) |
6411485 |
| 650 #7 - SUBJECT ADDED ENTRY--TOPICAL TERM |
| Topical term or geographic name as entry element |
Illegal immigrants |
| Geographic subdivision |
Texas |
| Form subdivision |
Drama. |
| Source of heading or term |
sears |
| 9 (RLIN) |
6441134 |
| 650 #7 - SUBJECT ADDED ENTRY--TOPICAL TERM |
| Topical term or geographic name as entry element |
Burial |
| Geographic subdivision |
Texas |
| Form subdivision |
Drama. |
| Source of heading or term |
sears |
| 9 (RLIN) |
6441135 |
| 650 #8 - SUBJECT ADDED ENTRY--TOPICAL TERM |
| Topical term or geographic name as entry element |
Ranchers |
| Geographic subdivision |
Texas |
| Form subdivision |
Drama. |
| 9 (RLIN) |
6411485 |
| 650 #8 - SUBJECT ADDED ENTRY--TOPICAL TERM |
| Topical term or geographic name as entry element |
Illegal immigrants |
| Geographic subdivision |
Texas |
| Form subdivision |
Drama. |
| 9 (RLIN) |
6441134 |
| 650 #8 - SUBJECT ADDED ENTRY--TOPICAL TERM |
| Topical term or geographic name as entry element |
Burial |
| Geographic subdivision |
Texas |
| Form subdivision |
Drama. |
| 9 (RLIN) |
6441135 |
| 651 #7 - SUBJECT ADDED ENTRY--GEOGRAPHIC NAME |
| Geographic name |
Mexico. |
| Source of heading or term |
fast |
| 651 #7 - SUBJECT ADDED ENTRY--GEOGRAPHIC NAME |
| Geographic name |
Texas. |
| Source of heading or term |
fast |
| 655 #4 - INDEX TERM--GENRE/FORM |
| Genre/form data or focus term |
Video recordings for the hearing impaired. |
| 655 #7 - INDEX TERM--GENRE/FORM |
| Genre/form data or focus term |
Video recordings for the hearing impaired. |
| Source of term |
fast |
| 655 #7 - INDEX TERM--GENRE/FORM |
| Genre/form data or focus term |
Drama. |
| Source of term |
fast |
| 655 #7 - INDEX TERM--GENRE/FORM |
| Genre/form data or focus term |
Feature films. |
| Source of term |
fast |
| 655 #7 - INDEX TERM--GENRE/FORM |
| Genre/form data or focus term |
Films for the hearing impaired. |
| Source of term |
fast |
| 655 #7 - INDEX TERM--GENRE/FORM |
| Genre/form data or focus term |
Western films. |
| Source of term |
fast |
| 655 #7 - INDEX TERM--GENRE/FORM |
| Genre/form data or focus term |
Western films. |
| Source of term |
gsafd |
| 655 #7 - INDEX TERM--GENRE/FORM |
| Genre/form data or focus term |
Feature films. |
| Source of term |
lcgft |
| 655 #7 - INDEX TERM--GENRE/FORM |
| Genre/form data or focus term |
Western films. |
| Source of term |
lcgft |
| 655 #7 - INDEX TERM--GENRE/FORM |
| Genre/form data or focus term |
Films for the hearing impaired. |
| Source of term |
lcgft |
| 655 #7 - INDEX TERM--GENRE/FORM |
| Genre/form data or focus term |
Video recordings for the hearing impaired. |
| Source of term |
lcgft |
| 655 #7 - INDEX TERM--GENRE/FORM |
| Genre/form data or focus term |
Western |
| Form subdivision |
Feature. |
| Source of term |
migfg |
| 9 (RLIN) |
5779419 |
| 655 #7 - INDEX TERM--GENRE/FORM |
| Genre/form data or focus term |
Crime |
| Form subdivision |
Feature. |
| Source of term |
migfg |
| 9 (RLIN) |
5756605 |
| 655 #7 - INDEX TERM--GENRE/FORM |
| Genre/form data or focus term |
Police |
| Form subdivision |
Feature. |
| Source of term |
migfg |
| 9 (RLIN) |
6417776 |
| 700 1# - ADDED ENTRY--PERSONAL NAME |
| Personal name |
Fitzgerald, Michael |
| Titles and other words associated with a name |
(Producer) |
| 9 (RLIN) |
6376168 |
| 700 1# - ADDED ENTRY--PERSONAL NAME |
| Personal name |
Jones, Tommy Lee, |
| Dates associated with a name |
1946- |
| 9 (RLIN) |
59612 |
| 700 1# - ADDED ENTRY--PERSONAL NAME |
| Personal name |
Arriaga Jord�an, Guillermo, |
| Dates associated with a name |
1958- |
| 9 (RLIN) |
6441142 |
| 700 1# - ADDED ENTRY--PERSONAL NAME |
| Personal name |
Pepper, Barry, |
| Dates associated with a name |
1970- |
| 9 (RLIN) |
68124 |
| 700 1# - ADDED ENTRY--PERSONAL NAME |
| Personal name |
Cedillo, Julio. |
| 9 (RLIN) |
6441143 |
| 700 1# - ADDED ENTRY--PERSONAL NAME |
| Personal name |
Yoakam, Dwight. |
| 9 (RLIN) |
37329 |
| 700 1# - ADDED ENTRY--PERSONAL NAME |
| Personal name |
Jones, January, |
| Dates associated with a name |
1978- |
| 9 (RLIN) |
73335 |
| 700 1# - ADDED ENTRY--PERSONAL NAME |
| Personal name |
Leo, Melissa. |
| 9 (RLIN) |
66205 |
| 700 1# - ADDED ENTRY--PERSONAL NAME |
| Personal name |
Helm, Levon. |
| 9 (RLIN) |
13514 |
| 700 1# - ADDED ENTRY--PERSONAL NAME |
| Personal name |
Rodriguez, Mel. |
| 9 (RLIN) |
6359590 |
| 700 1# - ADDED ENTRY--PERSONAL NAME |
| Personal name |
Su�arez, Cecilia, |
| Dates associated with a name |
1971- |
| 9 (RLIN) |
6441144 |
| 700 1# - ADDED ENTRY--PERSONAL NAME |
| Personal name |
Menges, Chris, |
| Dates associated with a name |
1940- |
| 9 (RLIN) |
69283 |
| 700 1# - ADDED ENTRY--PERSONAL NAME |
| Personal name |
Beltrami, Marco. |
| 9 (RLIN) |
46596 |
| 710 2# - ADDED ENTRY--CORPORATE NAME |
| Corporate name or jurisdiction name as entry element |
EuropaCorp. |
| 9 (RLIN) |
73334 |
| 710 2# - ADDED ENTRY--CORPORATE NAME |
| Corporate name or jurisdiction name as entry element |
Javelina Film Company. |
| 9 (RLIN) |
6441145 |
| 710 2# - ADDED ENTRY--CORPORATE NAME |
| Corporate name or jurisdiction name as entry element |
Sony Pictures Home Entertainment (Firm) |
| 9 (RLIN) |
71947 |
| 830 #0 - SERIES ADDED ENTRY--UNIFORM TITLE |
| Uniform title |
Sony Pictures classics. |
| 9 (RLIN) |
6441146 |
| 856 42 - ELECTRONIC LOCATION AND ACCESS |
| Public note |
Credits from Internet Movie Database |
| Uniform Resource Identifier |
<a href="http://www.imdb.com/title/tt0419294/">http://www.imdb.com/title/tt0419294/</a> |
| 942 ## - ADDED ENTRY ELEMENTS (KOHA) |
| Source of classification or shelving scheme |
Dewey Decimal Classification |
| Koha item type |
DVD |